[Event "GER-chT U20 Girls"]
[Site "Osnabrueck"]
[Date "2018.12.29"]
[Round "6.4"]
[White "Schwalbach, Kathrin"]
[Black "Paulweber, Lara Maria"]
[Result "1/2-1/2"]
[WhiteElo "1083"]
[BlackElo "1483"]
[PlyCount "87"]
[EventDate "2018.12.27"]
[EventType "team-swiss"]
[EventRounds "7"]
[EventCountry "GER"]
[SourceTitle "CBM 188 Extra"]
[Source "ChessBase"]
[SourceDate "2019.02.26"]
[SourceVersion "1"]
[SourceVersionDate "2019.02.26"]
[SourceQuality "1"]
[WhiteTeam "Trier SG"]
[BlackTeam "Duesseldorf SK"]
[WhiteTeamCountry "GER"]
[BlackTeamCountry "GER"]

1. e4 e6 2. d4 d5 3. Nc3 Nc6 4. Bb5 a6 5. Bxc6+ bxc6 6. Be3 Bb4 7. Nge2 dxe4 8. a3 Bxc3+ 9. Nxc3 Nf6 10. Bg5 0-0 11. Nxe4 Qd5 12. Nxf6+ gxf6 13. Bxf6 Qxg2 14. Rf1 Qg6 15. Qf3 Re8 16. 0-0-0 Kf8 17. Qxc6 Qxf6 18. Qxa8 Qf4+ 19. Kb1 Qxh2 20. Qh1 Qxh1 21. Rxh1 Kg7 22. Rdg1+ Kh8 23. Rg3 e5 24. dxe5 Rxe5 25. Re3 Rxe3 26. fxe3 Bg4 27. e4 h5 28. Rf1 Kg7 29. Kc1 Kg6 30. Kd2 f5 31. exf5+ Bxf5 32. Ke1 Bxc2 33. Kf2 Be4 34. Kg3 Kg5 35. Kh2 h4 36. Rc1 c6 37. Rc5+ Kf4 38. b4 Bd5 39. Kh3 Ke4 40. a4 Kd4 41. a5 Ke4 42. Kxh4 Kd4 43. Kg5 Ke5 44. Kg6 1/2-1/2